Vista normal Vista MARC

Entrada Nombre personal

Número de registros utilizados en: 1

001 - NÚMERO DE CONTROL

  • Campo de control: 45678

003 - IDENTIFICADOR DE NÚMERO DE CONTROL

  • Campo de control: OSt

005 - FECHA Y HORA DE LA ULTIMA MODIFICACION

  • Campo de control: 20210830144806.0

008 - ELEMENTOS DE DATOS DE LONGITUD FIJA

  • Campo de longitud fija: 210830|| aca||aabn | a|a d

040 ## - FUENTE DE LA CATALOGACIÓN

  • Agencia original de catalogación: OSt

100 1# - ENCABEZAMIENTO--NOMBRE DE PERSONA

  • Nombre personal: Ruíz López, Mario Alberto

670 ## - FUENTE DE DATOS ENCONTRADOS

  • Fuente de citación: Investigación, Evaluación económica ambiental del parque Nacional San Diego y San Felipe las Barras, Metapán, Santa Ana, El Salvador.

670 ## - FUENTE DE DATOS ENCONTRADOS

  • Fuente de citación: BMC.- 30-08-2021